Rappeurs par lettre - V - Statistiques

Statistiques générales
  • Ce quiz a été pris 195 fois
  • Le résultat moyen est 2 sur 6
Statistiques - réponses
Albums notable Rappeur % Correct
Agartha, XEU Vald
100%
Brrr Vladimir Cauchemar
23%
A des années lumières, Saitama Volts Face
10%
Iceberg Slim, Post Scriptim Veerus
8%
La matrice Vincenzo
6%
23h59, Manifeste Vin's
4%
Aucun quiz correspondant
Distribution des résultats
% des personnes avec chaque résultat
Percentile par nombre de réponses
Votre historique - résultats
Vous n’avez pas pris ce quiz